Quizzes
Events
Quiz Creation
Community
Videos
Private Events
Remove Ads
Sign In
Join for FREE
Feedback
Dark Mode
Quiz Categories
Sports
Geography
Music
Movies
Television
Just For Fun
Miscellaneous
History
Literature
Language
Science
Gaming
Entertainment
Religion
Holiday
For Kids
Quiz Lab
Recent
Popular Today
Quiz Kudos Today
Editor Picks
Curator Picks
Quizzes by...
Day
Popularity
Type
Ratings
Length
Year
Community
Subscriptions
Recent Discussions
Orange Saloon
Badges
Playlists
Quests
Create
Leaderboards
Showdown
Live 5
Trivia Bingo
Activity
Puzzle Library
Sporcle Events
Private Events
Virtual Trivia
Globe League
Become a Host
Pub Owners
SporcleCon
Opinionation
Our Games
Videos
Blog
Mobile Apps
Partnerships
Remove Ads and Go Orange
Feedback
Sports
Athletes
MLB
NBA
NHL
NFL
Soccer
Sports Teams
WWE
NCAA
Football
Premier League
Basketball
Baseball
Hockey
Golf
Tennis
Cricket
Rugby
Auto Racing
Olympics
World Cup
Sports
Athletes
MLB
NBA
NHL
NFL
Soccer
Sports Teams
WWE
NCAA
Football
Premier League
Basketball
Baseball
Hockey
Golf
Tennis
Cricket
Rugby
Auto Racing
Olympics
World Cup
Random Quiz
Search Sporcle
×
Quiz Lab
Quiz Lab
Sports
Wrestlers
Type in answers that appear in a list
Type in answers that appear in a list
Classic
Best Score? Go Orange.
PWI 500 of the PWI Years part 1 Stats
Can you name the PWI 500 of the PWI Years part 1??
By
MrPerfect2000Z
18m
200 Questions
1,561 Plays
1,561 Plays
1,561 Plays
Comments
Comments
Give Quiz Kudos
Give Quiz Kudos
-
- Ratings
hide this ad
Replay
Link that replays current quiz
Next Quiz
Link to next quiz in quiz playlist
You Got
0%
They Got
Avg Score
63%
Avg Friend Score
Upgrade to see
Score Distribution
Jump to the score distribution portion of the page
Score
0/200
Timer
18:00
0
Plays Today
Wrestler
% Correct
Hulk Hogan
98.3%
Ric Flair
97.4%
Bret Hart
96.3%
Owen Hart
96.2%
Steve Austin
95%
Shawn Michaels
94.1%
Randy Savage
93.9%
The Rock
93.5%
Andre the Giant
93.1%
The Undertaker
92.1%
Arn Anderson
91.6%
Sting
91.6%
Lex Luger
91.5%
Magnum TA
91.3%
Ole Anderson
91%
Dusty Rhodes
90.9%
Ricky Steamboat
90.8%
Kevin Nash
90.5%
Dustin Rhodes
90.3%
Roddy Piper
90.3%
Scott Hall
90.1%
Chris Benoit
89.8%
Eddie Guerrero
89.4%
Road Warrior Animal
88.8%
Road Warrior Hawk
88.8%
Chavo Guerrero
88.7%
Cactus Jack
88.5%
Ultimate Warrior
88.1%
Ted DiBiase
87.8%
Kane
87.5%
Davey Boy Smith
87.1%
Hunter Hearst Helmsley
87%
Curt Hennig
86.7%
Vader
86.2%
Terry Funk
85.7%
Jake Roberts
85.7%
Dory Funk Jr
85.3%
Buddy Roberts
85%
Big Boss Man
84.9%
Rick Rude
84.8%
Jerry Lawler
84.8%
Bob Backlund
84.7%
Barry Windham
84.6%
Iron Sheik
84.4%
Dynamite Kid
84.4%
Greg Valentine
84.2%
Scott Steiner
84%
Kerry Von Erich
84%
Rick Steiner
83.9%
Kevin Von Erich
83.9%
Tully Blanchard
83.8%
David Von Erich
83.6%
Bruno Sammartino
83.3%
Tito Santana
82.8%
Rick Martel
82.1%
Faarooq
81.9%
Harley Race
81.9%
Big Show
81.7%
Michael Hayes
81.2%
Chris Jericho
80.8%
Sgt Slaughter
80.6%
Jimmy Snuka
80.3%
Rey Mysterio Jr
80.3%
Sid Vicious
80.1%
Shohei 'Giant' Baba
80.1%
Dean Malenko
78.7%
Jeff Jarrett
78.5%
Wrestler
% Correct
The Great Muta
78.2%
Jim Neidhart
78%
King Kong Bundy
77.3%
Paul Orndorff
77.2%
Bob Orton
76.9%
Sabu
76.7%
Brian Pillman
76.6%
Terry Gordy
76.6%
Nikita Koloff
76.5%
Junkyard Dog
76.5%
Magnificent Muraco
76.4%
Antonio Inoki
76.2%
Steve Williams
75.3%
Tiger Mask
75.1%
Yokozuna
75%
Jushin Liger
74.2%
Bam Bam Bigelow
73.9%
Shane Douglas
73.7%
Nikolai Volkoff
73.5%
Bobby Eaton
73.4%
Raven
73%
Jim Duggan
72.7%
Marty Jannetty
72.6%
Rob Van Dam
72.5%
Booker T
71.7%
Brutus Beefcake
71.5%
Stan Hansen
71.3%
Ron Garvin
70.8%
Jim Garvin
70.7%
Ricky Morton
70.3%
Pedro Morales
69.8%
Greg Gagne
69.5%
Verne Gagne
69.4%
Diamond Dallas Page
69%
Tommy Dreamer
68.7%
X-Pac
68.7%
Jack Brisco
68.4%
Robert Gibson
68.2%
John Studd
68.2%
Nick Bockwinkel
67.6%
Mitsuhara Misawa
67.5%
Volk Han
67.4%
Pat Patterson
67.1%
Bruiser Brody
66.6%
Bill Goldberg
66.5%
Butch Reed
65.9%
Mike Rotunda
64.7%
Kevin Sullivan
64.3%
Taz
63.9%
Bad News Brown
63.1%
Steve Regal
62.3%
Abdullah The Butcher
61.6%
Terry Taylor
60.9%
Mil Mascaras
60.6%
Tony Atlas
60.2%
Ken Patera
60%
Tommy Rich
60%
Dino Bravo
59.8%
Masahiro Chono
59.3%
Adrian Adonis
59.2%
Konnan
57.5%
Juventud Guerrera
57.3%
Kamala
56.8%
Carlos Colon
55.4%
Eddie Gilbert
54.3%
Chris Adams
54.1%
Dick Murdoch
53.9%
Wrestler
% Correct
Bob Armstrong
53.7%
Jim Brunzell
52.8%
Gino Hernandez
52.7%
Kenta Kobashi
52.4%
Ultimo Dragon
52.2%
Blackjack Mulligan
51.2%
Wahoo McDaniel
51.2%
Larry Zbyszko
50.4%
Dick Slater
49.1%
Mr Saito
48.2%
Bill Dundee
46.8%
Tatsumi Fujinami
46.3%
Scott Norton
45.6%
Hiroshi Hase
44.3%
Manny Fernandez
43.8%
Billy Jack Haynes
43%
Mr Wrestling II
43%
La Parka
42.7%
Kensuke Sasaki
42.7%
El Hijo del Santo
41.8%
Ivan Putski
41.1%
Masked Superstar
40.7%
Art Barr
40.4%
Buzz Sawyer
39.3%
Jumbo Tsuruta
39.1%
Austin Idol
38.9%
Mad Dog Vachon
38.9%
Dos Caras
38.7%
Toshiaki Kawada
38.5%
Otto Wanz
37.2%
Taka Michinoku
37%
Steve Keirn
37%
The Great Kabuki
36.3%
Cien Caras
35.9%
Riki Choshu
35.6%
Jesse James
35.1%
Shinya Hashimoto
35.1%
The Great Sasuke
35%
Crusher Blackwell
34.5%
Killer Kahn
34.4%
Dr Wagner Jr
33.4%
Super Crazy
32.8%
Billy Robinson
29.7%
Negro Casas
29.5%
Perro Aguayo
29.5%
Doug Furnas
29%
Psychosis
29%
Akira Taue
28.9%
Genichiro Tenyru
28.9%
The Spoiler
28%
Phil Lafon
28%
Jun Akiyama
28%
Akira Maeda
27.2%
Lizmark
26.9%
El Canek
26.6%
Heavy Metal
25.9%
Nobuhiko Takada
25.8%
Atsushi Onita
25.5%
Pirata Morgan
24.5%
Koji Kanemoto
23.5%
Shinjiro Ohtani
20.4%
Gran Hamada
19.9%
Kiyoshi Tamura
16.5%
El Satanico
16%
Seiji Sakaguchi
15.7%
Shiro Koshinaka
14.9%
Quiz Playlist
Details
Report
Send in Message
Add To Playlist
Classic:
Type in answers that appear in a list
Last Updated: Feb 16, 2017
Quiz Scoreboard
CHALLENGE
Sign Up to Join the Scoreboard
Show All
Scores
Hide
Comments
May contain spoilers
Recently Published
TV Characters by Other Roles V
by ghcgh
Television
5m
Decade Duel: World Leaders
by jenniferyan
History
4m
Alphabetical 'K' Countries by Flag Minefield
by ylime102
Geography
3m
More to Explore
Quiz From the Vault
Featured Blog Post
15 Basketball Trivia Facts You Can Be March Mad About
hide this ad
You Might Also Like...
Tags
500
PWI
Wrestlers
Today's Top Quizzes in Sports
Browse Sports
hide this ad
Today's Top Quizzes in Wrestlers
Browse Wrestlers
Top Contributed Quizzes in Sports
1
MLB 2 truths and a lie: Hall of Fame pitchers
2
Les joueurs à 100 buts en Ligue 1 Uber Eats
3
2022 World Cup Stars
4
Pick 6: NFL Teams
5
Pick 6: Minor League Baseball
6
Millionaire: NBA Finals Edition
7
50+ Goals in European Competition
8
Click the 1998 NBA Draft
9
Pick 6: Olympics
10
Iconic Moments in Football - Multiple Choice
Explore More
Trending Topics
Anime
Disney
Crossword
Harry Potter
Marvel
Kpop
NBA
Puzzle
The Office
Pokémon
Song
NFL
Soccer
Country
WWE
hide this ad
More By:
MrPerfect2000Z
Quiz
Plays
Rating
Category
Featured
Created
Survivor Series Teams 2000-2018
15,796
4.28
Sports
Dec 15, 2009
WWE PPV Main Events 2003-2010 part 1
14,767
4.45
Sports
Dec 15, 2009
WWE PPV Main Events 2003-2014 part 2
14,100
4.41
Sports
Dec 15, 2009
WWE PPV Main Events 2000-2002
6,097
4.88
Sports
Mar 25, 2010
WWE Championship PPV matches part 1
5,607
4.64
Sports
Oct 5, 2010
Go to Creator's Profile
Score Distribution
Quiz Creator Spotlight
MrPerfect2000Z
Follow
Send a Message
Quizzes Created
-
Created Quiz Play Count
-
More By This Creator
Popular Quizzes Today
1
Countries of Asia Without Outlines Minefield
2
Find the US States - No Outlines Minefield
3
Pick 6: Fruits
4
The Countries of the World
5
Find the Countries of Europe - No Outlines Minefield
6
Alphabetical 'K' Countries by Flag Minefield
7
Find the US States
8
US States
More Sports Quizzes
FIFA World Cup: Stadiums that Hosted 10+ Matches
Quiz Lab
Trending Quizzes
Pick 6: Mountains
Pick 6: Harry Potter
Pick 6: NFL Teams
Pick 6: Flags
C Names for Actors
Recently Updated
Adaptations: Name the Title
pecheneg
NWSL Teams
pecheneg
Women's Final Four Teams by Year
bhenderson79
Presidents Quartet II
eogle
Anything But Clue(do)
eogle
Anything But Oceanian Capitals
eogle
Anything But 7
eogle
Anything But Thing
eogle
Word Ladder: February 29
pecheneg
Song Title Questions
pecheneg
Trending Topics
Kpop
Harry Potter
Crossword
Anime
NBA
Marvel
Disney
Puzzle
The Office
Pokémon
WWE
NFL
Soccer
Song
Country
Your Account Isn't Verified!
In order to create a playlist on Sporcle, you need to verify the email address you used during registration. Go to your
Sporcle Settings
to finish the process.
Report this User
Report this user for behavior that violates our
Community Guidelines
.
Details:
Send Report
Go to the Sporcle.com Mobile Site →
Comments